Vplyv vybraných parametrov na prenos tepla medzi potrubím plynovodu a jeho okolím v geologickej oblasti Záhorskej nížiny

Saved in:
Bibliographic Details
Main Author: Poláková, Zuzana (Author)
Other Authors: Rajzinger, Ján (Thesis advisor)
Format: Manuscript Book
Language:Slovak
Published: 2015
Subjects:
Online Access:http://is.stuba.sk/zp/portal_zp.pl?podrobnosti=99454
Tags: Add Tag
No Tags, Be the first to tag this record!

MARC

LEADER 00000ntm a22000003a 4500
001 stuzp51727
003 SK-STU
005 20160719153940.2
007 ta
008 150427s2015----xo-----f-mn---000-0-slo-d
040 |a STU  |b slo 
041 0 |a slo 
100 1 |a Poláková, Zuzana  |u 020060  |4 aut  |U SjF Strojnícka fakulta  |T SjF Ústav tepelnej energetiky  |X 55270  |U J0060  |Y 805  |7 55270 
242 0 1 |a Influence of chosen parameters on the heat transfer between the gas pipeline and its surroundings in the geological region of Záhorská nížina  |y eng 
245 1 0 |a Vplyv vybraných parametrov na prenos tepla medzi potrubím plynovodu a jeho okolím v geologickej oblasti Záhorskej nížiny 
260 |c 2015 
650 4 |a prenos tepla  |2 slo 
650 4 |a plynovod  |2 slo 
650 4 |a matematicko - fyzikálny model  |2 slo 
650 4 |a lineárna hustota tepelného toku  |2 slo 
650 4 |a mathematical and physical model  |2 eng 
650 4 |a linear density of heat flow  |2 eng 
650 4 |a Heat transfer  |2 eng 
650 4 |a gas pipeline  |2 eng 
700 1 |a Rajzinger, Ján  |4 ths  |X 4268  |7 A000004268 
856 4 |u http://is.stuba.sk/zp/portal_zp.pl?podrobnosti=99454 
996 |b 284J043709  |c J* 1999/BP  |l JJSK  |s A  |a 24  |w stuzp51727_0001 
SQL |a stuzp51727  |b DBP  |c SLO  |d Vplyv vybraných parametrov na prenos tepla medzi potrubím plynovodu a jeho okolím v geologickej oblasti Záhorskej nížiny  |e 55270  |f Poláková, Zuzana  |g 020060  |h 4268  |i Rajzinger, Ján  |j 20150615  |k 44  |l 02  |m http://is.stuba.sk/zp/portal_zp.pl?podrobnosti=99454  |n B-ESTR  |o 5.2.29. energetika